Social Marketing in Action: Cases from Around the World. (Record no. 3223)

MARC details
005 - DATE AND TIME OF LATEST TRANSACTION
control field 20250605125030.0
020 ## - INTERNATIONAL STANDARD BOOK NUMBER
International Standard Book Number 978-3-030-13019
082 ## - DEWEY DECIMAL CLASSIFICATION NUMBER
Classification number 658.8 SOC
245 ## - TITLE STATEMENT
Title Social Marketing in Action: Cases from Around the World.
260 ## - PUBLICATION, DISTRIBUTION, ETC.
Place of publication, distribution, etc. Switzerland,
Name of publisher, distributor, etc. Springer,
Date of publication, distribution, etc. 2019.
300 ## - PHYSICAL DESCRIPTION
Extent xxix, 460p.; tables.
Other physical details References.
Dimensions 23cm.
700 ## - ADDED ENTRY--PERSONAL NAME
Other authors/Editors BASIL, D. Z. & MENESES, D. G.
942 ## - ADDED ENTRY ELEMENTS (KOHA)
Source of classification or shelving scheme Dewey Decimal Classification
Koha item type Books
Holdings
Date last seen Total checkouts Full call number Barcode Cost, replacement price Price effective from Koha item type Lost status Source of classification or shelving scheme Damaged status Not for loan Withdrawn status Home library Current library Shelving location Date acquired Cost, normal purchase price
06/05/2025   658.8 SOC DOM00062 870840.00 06/05/2025 Books   Dewey Decimal Classification       CBE Dodoma CBE Dodoma Special Reserve Collection 03/12/2025 290280.00
06/29/2025   658.8TUC DOM0004389 870840.00 06/29/2025 Books   Dewey Decimal Classification       CBE Dodoma CBE Dodoma General Collection 06/29/2007 290280.00